NURSING FOUNDATION:CONCEPTS AND PERSPCTIVES FOR POST BASIC BSC NURSING (Record no. 2670)

MARC details
000 -LEADER
fixed length control field 00421nam a2200145Ia 4500
008 - FIXED-LENGTH DATA ELEMENTS--GENERAL INFORMATION
fixed length control field 220530s9999 xx 000 0 und d
020 ## - INTERNATIONAL STANDARD BOOK NUMBER
International Standard Book Number 97893515227886
100 ## - MAIN ENTRY--PERSONAL NAME
Personal name JOGINDER VATI
9 (RLIN) 61601
245 ## - TITLE STATEMENT
Title NURSING FOUNDATION:CONCEPTS AND PERSPCTIVES FOR POST BASIC BSC NURSING
250 ## - EDITION STATEMENT
Edition statement FIRST
260 ## - PUBLICATION, DISTRIBUTION, ETC. (IMPRINT)
Place of publication, distribution, etc. NAGPUR
Name of publisher, distributor, etc. JAYPEE PUBLICATION,NAGPUR
Date of publication, distribution, etc. 2015
300 ## - PHYSICAL DESCRIPTION
Extent 800
650 ## - SUBJECT ADDED ENTRY--TOPICAL TERM
Topical term or geographic name as entry element NURSING FOUNDATION
9 (RLIN) 61602
Holdings
Withdrawn status Lost status Damaged status Not for loan Home library Current library Date acquired Vendor Cost, normal purchase price Total Checkouts Barcode Date last seen Bill Date Koha item type Original Barcode Total Renewals Date last checked out
        Sitabai Nargundkar College of Nursing Nagpur Sitabai Nargundkar College of Nursing Nagpur 01/06/2019 TEXTBOOKPURCHASE JAYPEE BROTHERS INVOICE NO.1900018 351.75   SNCN-BK-2319 31/05/2022 31/05/2022 Books 2319    
        Sitabai Nargundkar College of Nursing Nagpur Sitabai Nargundkar College of Nursing Nagpur 01/06/2019 REFERENCE BOOK PURCHASE JAYPEE BROTHERS INVOICE NO.1900018 351.75 17 SNCN-BK-2320 14/07/2025 31/05/2022 Books 2320 1 25/06/2025
        Sitabai Nargundkar College of Nursing Nagpur Sitabai Nargundkar College of Nursing Nagpur 01/06/2019 REFERENCE BOOKPURCHASE JAYPEE BROTHERS INVOICE NO.1900018 351.75 13 SNCN-BK-2321 25/11/2025 31/05/2022 Books 2321 2 23/06/2025
        Sitabai Nargundkar College of Nursing Nagpur Sitabai Nargundkar College of Nursing Nagpur 01/06/2019 TEXTBOOKPURCHASE JAYPEE BROTHERS INVOICE NO.1900018 351.75 28 SNCN-BK-2322 08/07/2025 31/05/2022 Books 2322 3 21/06/2025
        Sitabai Nargundkar College of Nursing Nagpur Sitabai Nargundkar College of Nursing Nagpur 01/06/2019 REFERENCE BOOKPURCHASE JAYPEE BROTHERS INVOICE NO.1900018 351.75 10 SNCN-BK-2323 19/07/2025 31/05/2022 Books 2323 2 03/07/2025